Working together : Employee participation in action

সংরক্ষণ করুন:
গ্রন্থ-পঞ্জীর বিবরন
প্রধান লেখক: Simmons, John
বিন্যাস: গ্রন্থ
ভাষা:Undetermined
প্রকাশিত: New York New York University Press 1985
বিষয়গুলি:
ট্যাগগুলো: ট্যাগ যুক্ত করুন
কোনো ট্যাগ নেই, প্রথমজন হিসাবে ট্যাগ করুন!
Thư viện lưu trữ: Trung tâm Học liệu Trường Đại học Cần Thơ
LEADER 00603nam a2200217Ia 4500
001 CTU_98229
008 210402s9999 xx 000 0 und d
082 |a 331.01 
082 |b S592 
100 |a Simmons, John 
245 0 |a Working together : 
245 0 |b Employee participation in action 
245 0 |c John Simmons, William Mares 
260 |a New York 
260 |b New York University Press 
260 |c 1985 
650 |a Industrial management 
650 |x Employee participation 
650 |z United States 
904 |i Năm 
980 |a Trung tâm Học liệu Trường Đại học Cần Thơ